000 00836nam a22002897a 4500
003 CHAP
005 20220329134036.0
008 971013s1979 r 00010 d
010 _a14529
011 _a15501
035 _a19577
040 _cCHAP
082 _a510
_bG6 1979
100 0 0 _aGodstein, R. L.
_948494
245 _aFundamentals concepts of mathematics
250 _a2 ed.
260 _aOxford :
_bPergamon,
_c1979
300 _a323 p.
_b: ilus
590 _aBATCH-UPD
_b10
_c20130110
_lUCH01
_h1018
590 _aBATCH-UPD
_b10
_c20130410
_lUCH01
_h0624
590 _aBATCH-UPD
_b10
_c20130914
_lUCH01
_h1802
590 _aCONVERSION
_b10
_c20130109
_lUCH01
_h1309
650 1 4 _aMatemáticas.
_972901
901 _aBK
942 _cLIBRO
949 _a510 G6 1979
_bBC
_cLIBRO
_d33724000142543
_eLIBRO
_h55339
_i19577
_si
_t1782.00
999 _c14529
_d14529